| 000 | 00714nam a2200181Ia 4500 | ||
|---|---|---|---|
| 008 | 090630s9999 xx 000 0 und d | ||
| 082 | _b5033 | ||
| 100 | _aआठवले अनंत दा. | ||
| 245 |
_aमहाभारताचे वास्तव दर्शन. _cआठवले अनंत दा. |
||
| 260 |
_bकॉन्टीनेंटल. _c1970 |
||
| 300 | _a284 | ||
| 600 | _aआठवले अनंत दा. | ||
| 630 | _aमहाभारताचे वास्तव दर्शन. | ||
| 655 | _aधार्मिक. | ||
| 700 | _aआठवले अनंत दा. | ||
| 730 | _aमहाभारताचे वास्तव दर्शन. | ||
| 942 | _cBOOK | ||
| 999 |
_c256889 _d256889 |
||